Estatísticas para Quiz de Forma do País #5

Clique aqui para jogar o quiz

Estatísticas Gerais

  • Esse quiz foi jogado 43 vezes
  • A pontuação média é 9 de 16

Estatísticas das Respostas

Resposta% Correto
Marrocos
84%
Birmânia
74%
Finlândia
71%
Papua Nova Guiné
71%
Irlanda
68%
Equador
65%
Bahamas
61%
Iémen
55%
Países Baixos
55%
Paquistão
55%
Coréia do Sul
52%
Jordânia
52%
Tunísia
52%
Estônia
35%
Catar
32%
Sérvia
32%

Distribuição das Pontuações

Percentil de Números Respondidos

Porcentagem de Pessoas com Cada Pontuação

Sua Pontuação Histórica

Você não jogou esse quiz